000 01133nam a22002297a 4500
999 _c60626
_d60626
005 20230925162159.0
008 230925s2011 pl ||||| |||| 00| 0 pol d
020 _a9788393409303
041 _apol
080 _a94(479.22:438) + 008.1(438:479.22) K-70
100 _aKolbaia, Piotr
_919902
245 _aGruzja Nieznana :
_bWspolne losy Gruzinom i Polakow /
_cDawid Kolbaia, Piotr Hlebowicz, Piotr Warisch.
264 _aKrakow,
_c2011.
300 _a128 p.:
_bill.;
_c29 cm.
653 _aქართულ–პოლონური კულტურული ურთიერთობები
653 _aპოლონურ-ქართული კულტურული ურთიერთობები
653 _aსაქართველო–პოლონეთის ურთიერთობათა ისტორია
653 _aპოლონეთ-საქართველოს ურთიერთობათა ისტორია.
700 _aWarisch, Piotr
_eავტორი
_919903
700 _aHlebowicz, Piotr
_eავტორი
_919904
942 _2udc
_cBK